[Event "4NCL Division Two"]
[Site "Warwick, ENG"]
[Date "2024.01.13"]
[EventDate "2024.01.13"]
[Round "3.48"]
[White "Jasinska, Iga"]
[WhiteElo "1345"]
[WhiteTeam "The Sharks 2"]
[Black "Phillips, William"]
[BlackElo "1787"]
[BlackTeam "Cambridge University 2"]
[Result "0-1"]

1. e4 d6 2. d4 Nf6 3. Nc3 g6 4. Nf3 Bg7 5. Bc4 O-O 6. O-O c6 7. e5 Ne8 8. Bf4
d5 9. Bd3 Bg4 10. Be2 Nc7 11. Qd2 Nd7 12. Bh6 Ne6 13. Bxg7 Nxg7 14. Qh6 Nf5 15.
Qf4 Bxf3 16. Bxf3 e6 17. Ne2 c5 18. c3 cxd4 19. cxd4 Rc8 20. Rac1 Qb6 21. b3
Rc6 22. Rc3 Rxc3 23. Nxc3 Qxd4 24. Qxd4 Nxd4 25. Re1 Rc8 26. Ne2 Nxf3+ 27. gxf3
Nxe5 28. Nd4 Nd3 29. Rd1 Rc1 30. Rxc1 Nxc1 31. a3 e5 32. Nb5 Nxb3 33. Nxa7 Nd4
34. Kg2 Kf8 35. a4 Ke7 36. Nb5 Nxb5 37. axb5 Kd6 38. Kf1 Kc5 0-1

[Event "4NCL Division Two"]
[Site "Warwick, ENG"]
[Date "2024.01.13"]
[EventDate "2024.01.13"]
[Round "3.51"]
[White "Gallagher, Daniel GH"]
[WhiteElo "2224"]
[WhiteTeam "Cambridge University 1"]
[Black "Jogstad, Martin"]
[BlackTitle "FM"]
[BlackElo "2396"]
[BlackTeam "CSC/Kingston 1"]
[Result "0-1"]

1. e4 c6 2. Nf3 d5 3. d3 dxe4 4. dxe4 Qxd1+ 5. Kxd1 Nf6 6. Nfd2 h5 7. h4 Ng4 8.
Ke1 e5 9. g3 Nd7 10. f3 Nh6 11. Nc4 f6 12. a4 a5 13. Nbd2 b6 14. Nb3 Ba6 15.
Be3 Bxc4 16. Bxc4 Nf7 17. Be6 Rb8 18. Rd1 Nd6 19. Rh2 Ke7 20. Bh3 Kd8 21. Rhd2
Kc7 22. c4 c5 23. Bxd7 Kxd7 24. Nxc5+ bxc5 25. Bxc5 Kc6 26. Bxd6 Bxd6 27. Rxd6+
Kc5 28. R1d5+ Kb4 29. Ra6 Kxc4 30. Raxa5 Rxb2 31. Rac5+ Kb3 32. Rb5+ Ka3 33.
Rxb2 Kxb2 34. a5 Kc3 35. a6 Ra8 36. Rd6 Kc4 37. Ke2 Kc5 38. Re6 Ra7 39. f4 exf4
40. gxf4 Kb5 41. Ke3 Rxa6 42. Rxa6 Kxa6 43. Kd4 Kb6 44. Kd5 g5 45. hxg5 fxg5
46. fxg5 h4 47. g6 h3 48. g7 h2 49. g8=Q h1=Q 50. Qb8+ Ka6 51. Qa8+ Kb6 52.
Qb8+ Ka6 53. Qa8+ Kb6 54. Qc6+ Ka7 55. Qe6 Qd1+ 56. Kc6 Qa4+ 57. Kc7 Qa5+ 58.
Kd7 Qd2+ 59. Qd6 Qe3 60. e5 Qh3+ 61. e6 Kb7 62. Qc6+ Kb8 63. Qb5+ Ka7 64. Qc5+
Kb7 65. Qd5+ Kb8 66. Qe5+ Kb7 67. Ke8 Qg4 68. Qd5+ Kc7 69. Qc5+ Kb7 70. e7 Qg8+
71. Kd7 Qg4+ 72. Kd8 Qd1+ 73. Ke8 Qa4+ 74. Kf7 Qb3+ 75. Kf6 Qf3+ 76. Ke6 Qg4+
77. Qf5 Qg8+ 78. Kd6 Qb8+ 79. Kd5 Qg8+ 80. Qe6 Qg5+ 81. Kd6 Qg3+ 82. Qe5 Qg6+
83. Kd7 Qc6+ 0-1

[Event "4NCL Division Two"]
[Site "Warwick, ENG"]
[Date "2024.01.13"]
[EventDate "2024.01.13"]
[Round "3.52"]
[White "Maycock Bates, David Henry"]
[WhiteTitle "CM"]
[WhiteElo "2308"]
[WhiteTeam "CSC/Kingston 1"]
[Black "McClement, Andrew"]
[BlackElo "2223"]
[BlackTeam "Cambridge University 1"]
[Result "1-0"]

1. e4 c5 2. Nf3 d6 3. d4 cxd4 4. Nxd4 Nf6 5. Nc3 e6 6. g4 h6 7. h4 Be7 8. Rg1
d5 9. Bb5+ Kf8 10. exd5 Nxd5 11. Nxd5 Qxd5 12. Qd3 Nc6 13. Be3 Ne5 14. Qc3 Bxh4
15. O-O-O Bf6 16. Qc7 Bd8 17. Qc3 Bf6 18. f4 Nc6 19. g5 hxg5 20. fxg5 Be5 21.
Nxc6 Bxc3 22. Bc5+ Ke8 23. Rxd5 Bd7 24. Rxd7 Kxd7 25. Ne5+ Kc7 26. bxc3 Rh3 27.
Rf1 Rd8 28. Rxf7+ Kb8 29. Nc6+ bxc6 30. Bxa7+ Ka8 31. Bxc6# 1-0

[Event "4NCL Division Two"]
[Site "Warwick, ENG"]
[Date "2024.01.13"]
[EventDate "2024.01.13"]
[Round "3.53"]
[White "Hill, Alistair"]
[WhiteElo "2136"]
[WhiteTeam "Cambridge University 1"]
[Black "Li, Vladimir"]
[BlackTitle "FM"]
[BlackElo "2294"]
[BlackTeam "CSC/Kingston 1"]
[Result "0-1"]

1. e4 e5 2. Nf3 Nc6 3. Bc4 Nf6 4. d3 Bc5 5. O-O d6 6. c3 a5 7. Nbd2 O-O 8. h3
Ba7 9. Re1 Be6 10. Bxe6 fxe6 11. Nf1 Nh5 12. Be3 Nf4 13. d4 Qf6 14. Bxf4 Qxf4
15. Qb3 exd4 16. Qxb7 Ne5 17. Nxd4 Bb6 18. Re2 Ra7 19. Nxe6 Bxf2+ 20. Kh1 Rxb7
21. Nxf4 Rxf4 22. Rd1 Bc5 23. b3 Rb8 24. Ng3 g6 0-1

[Event "4NCL Division Two"]
[Site "Warwick, ENG"]
[Date "2024.01.13"]
[EventDate "2024.01.13"]
[Round "3.55"]
[White "Starley, Robert"]
[WhiteElo "2054"]
[WhiteTeam "Cambridge University 1"]
[Black "Lalic, Peter D"]
[BlackTitle "CM"]
[BlackElo "2242"]
[BlackTeam "CSC/Kingston 1"]
[Result "0-1"]

1. e4 d6 2. d4 e5 3. dxe5 dxe5 4. Qxd8+ Kxd8 5. Nf3 f6 6. Nc3 c6 7. Be3 Kc7 8.
O-O-O Nh6 9. Bxh6 gxh6 10. Bc4 b5 11. Bb3 Na6 12. Rhe1 Nc5 13. Bf7 h5 14. Bxh5
Bh6+ 15. Nd2 a5 16. Kb1 b4 17. Ne2 Rd8 18. Nb3 Rxd1+ 19. Rxd1 Nxe4 20. f3 Nd6
21. Nc5 Nc4 22. g3 Bf5 23. f4 Ne3 24. Rd2 Nc4 25. Rd1 Ne3 26. Rd2 Bf8 27. Nd3
e4 28. Ndc1 c5 29. Bf7 Rd8 30. Rxd8 Kxd8 31. a4 Bd7 32. b3 f5 33. c3 Bg7 34.
cxb4 cxb4 35. h3 Ke7 36. Bh5 Be6 37. Ka2 Kd7 38. Ng1 Ke7 39. Nge2 Bh8 40. Kb1
Kd7 41. Ng1 Ke7 42. Nge2 Kd8 43. Ng1 Bg7 44. Nge2 Bf6 45. Ka2 Kc7 46. Kb1 Bh8
47. Ng1 Bg7 48. Nge2 Kb6 49. Be8 Bh8 50. Bh5 Bf6 51. Be8 Bg7 52. Bh5 Kc5 53.
Be8 Bh6 54. Bh5 Bf8 55. Kb2 Be7 56. Kb1 Bd8 57. Kb2 Bc7 58. Kb1 Bb6 59. Kb2 Ba7
60. Kb1 Bb8 61. Kb2 Bc7 62. Kb1 Kd5 63. Kb2 Bb6 64. Kb1 Ba7 65. Kb2 Bb8 66. Kb1
Bd6 67. Kb2 Be7 68. Kb1 Bd8 69. Kb2 Bf6+ 70. Kb1 Bh8 71. Be8 Bg7 72. Bh5 Bh6
73. Be8 Bf8 74. Bh5 Bc5 75. Kb2 Kd6 76. Kb1 Ke7 77. Kb2 Bb6 78. Kb1 Ba7 79. Kb2
Kf8 80. Kb1 Bb6 81. Kb2 Bc5 82. Kb1 h6 83. Kb2 Ke7 84. Kb1 Kd6 85. Kb2 Kd5 86.
Kb1 Be7 87. Kb2 Bf6+ 88. Kb1 Bh8 89. Be8 Bg7 90. Bh5 Bf8 91. Kb2 Be7 92. Kb1
Bd6 93. Kb2 Bb8 94. Kb1 Ba7 95. Kb2 Nd1+ 96. Kc2 Nf2 97. Ng1 Be3 98. Nce2 Kc5
99. h4 Nd3 100. Bg6 Ne1+ 101. Kb2 Nf3 102. Nh3 Nd2 103. Nc1 Nf1 104. Ne2 Kd6
105. Kc2 Ke7 106. Kb2 Nd2 107. Nc1 Nf1 108. Ne2 Bd7 109. Kc2 Kf6 110. Bh5 Ba7
111. Kd1 Be6 112. Kc2 Ke7 113. Bg6 Bb6 114. Kb2 Bd7 115. Kc2 Bc5 116. Kd1 Be6
117. Kc2 Bd7 118. Kd1 Bc8 119. Ke1 Ne3 120. Kd2 Be6 121. Nhg1 Bxb3 122. g4 fxg4
123. Bxe4 Bxa4 124. Ng3 Nc4+ 125. Kd3 Nb2+ 126. Kd2 Bxg1 127. Nf5+ Kf8 128.
Nxh6 Nc4+ 129. Kd3 Nd6 130. Bd5 Bb5+ 131. Kc2 Ba4+ 132. Kd3 Bb5+ 133. Kc2 Bd7
134. Ng8 Bd4 135. h5 g3 136. Kd3 Bh8 137. h6 g2 0-1

[Event "4NCL Division Two"]
[Site "Warwick, ENG"]
[Date "2024.01.13"]
[EventDate "2024.01.13"]
[Round "3.56"]
[White "Wilson, Ewan"]
[WhiteElo "2156"]
[WhiteTeam "CSC/Kingston 1"]
[Black "Alldritt, Nigel R E"]
[BlackElo "2032"]
[BlackTeam "Cambridge University 1"]
[Result "1-0"]

1. d4 Nf6 2. c4 g6 3. Nf3 Bg7 4. e3 O-O 5. Be2 d6 6. O-O c5 7. d5 Bf5 8. Nc3
Ne4 9. Nxe4 Bxe4 10. Ng5 Bf5 11. e4 Bc8 12. h4 h6 13. Nf3 Bg4 14. Bf4 Nd7 15.
Nh2 Bxe2 16. Qxe2 Ne5 17. h5 g5 18. Bxe5 Bxe5 19. Ng4 Kh7 20. Rad1 Bd4 21. e5
dxe5 22. Nxe5 Qd6 23. Rfe1 Rae8 24. Qd3+ Kg7 25. Nf3 Bf6 26. Nd2 Bd4 27. Re4 e5
28. Re2 f5 29. Qa3 e4 30. Nb3 Qb6 31. Nxd4 cxd4 32. c5 Qb5 33. Ree1 d3 34. Qc3+
Kf7 35. Qd4 Qd7 36. f3 exf3 37. gxf3 f4 38. Qxd3 Qh3 1-0

[Event "4NCL Division Two"]
[Site "Warwick, ENG"]
[Date "2024.01.13"]
[EventDate "2024.01.13"]
[Round "3.57"]
[White "Sivanandan, Bodhana"]
[WhiteTitle "WCM"]
[WhiteElo "2051"]
[WhiteTeam "Cambridge University 1"]
[Black "Patel, Zain"]
[BlackElo "2103"]
[BlackTeam "CSC/Kingston 1"]
[Result "1/2-1/2"]

1. e4 e5 2. Nf3 Nc6 3. Nc3 Nf6 4. d4 exd4 5. Nxd4 Bb4 6. Nxc6 bxc6 7. Bd3 O-O
8. O-O d5 9. exd5 Bg4 10. Ne2 cxd5 11. c4 Bd6 12. h3 dxc4 13. Bxc4 Bh5 14. Be3
Qe7 15. Bd4 Rfe8 16. Re1 Bb4 17. Bc3 Bxc3 18. bxc3 Ne4 19. Qd5 Nf6 20. Qg5 h6
21. Qf4 Qa3 22. Qc1 Qc5 23. Bd3 Qd6 24. Bc4 Re4 25. Nd4 Rxe1+ 26. Qxe1 Re8 27.
Qd2 Ne4 28. Qb2 Rd8 29. Nf5 Qc5 30. Ne3 Rd2 31. Qb5 Qxb5 32. Bxb5 Nxc3 33. Bc4
Ne4 34. f3 Nd6 35. Bb3 Nb5 36. Rc1 Rd3 37. Kf2 Rc3 38. Rd1 Nd6 39. g4 Bg6 40.
Nd5 Rc5 41. Nxc7 Rxc7 42. Rxd6 Kf8 43. h4 Bc2 44. Ra6 Bxb3 45. axb3 Rb7 46. Rc6
Rxb3 47. Rc8+ Ke7 48. Rc7+ Kf6 49. Rxa7 g6 50. Kg3 Rb4 51. g5+ hxg5 52. hxg5+
Kg7 53. Rc7 Ra4 54. f4 Ra3+ 55. Kg4 Rd3 56. Rb7 Rc3 57. Rd7 Rb3 58. Rd4 Rb1 59.
Kf3 Rf1+ 60. Kg3 Rc1 1/2-1/2

[Event "4NCL Division Two"]
[Site "Warwick, ENG"]
[Date "2024.01.13"]
[EventDate "2024.01.13"]
[Round "3.58"]
[White "Frostick, Helen M"]
[WhiteElo "1858"]
[WhiteTeam "CSC/Kingston 1"]
[Black "Chan, Nevil"]
[BlackElo "1985"]
[BlackTeam "Cambridge University 1"]
[Result "1/2-1/2"]

1. e4 b6 2. d4 Bb7 3. Bd3 Nf6 4. Nd2 e6 5. Ngf3 c5 6. c3 Nc6 7. O-O Be7 8. Qe2
d6 9. a4 Qc7 10. e5 dxe5 11. dxe5 Nd5 12. Nc4 h6 13. Re1 g5 14. g3 Na5 15. Nxa5
bxa5 16. Bb5+ Kf8 17. Ba6 Bc6 18. Bb5 Bb7 19. Ba6 1/2-1/2

[Event "4NCL Division Two"]
[Site "Warwick, ENG"]
[Date "2024.01.13"]
[EventDate "2024.01.13"]
[Round "3.61"]
[White "Korshunov, Sergey And."]
[WhiteElo "2215"]
[WhiteTeam "Anglian Avengers"]
[Black "Nicholas, Koichi B"]
[BlackElo "2156"]
[BlackTeam "SchachAttack"]
[Result "1-0"]

1. d4 Nf6 2. Nf3 c5 3. d5 b5 4. Bg5 g6 5. a4 Qa5+ 6. Nbd2 bxa4 7. c3 Ba6 8. e4
Bxf1 9. Kxf1 Bg7 10. Qxa4 Qc7 11. Qa5 Qc8 12. Bxf6 Bxf6 13. Nc4 O-O 14. Nb6
axb6 15. Qxa8 d6 16. h3 b5 17. g3 b4 18. Rc1 Qd7 19. Qa5 Qb7 20. Kg2 e6 21.
Rhd1 exd5 22. exd5 Re8 23. Qa4 Re2 24. Rc2 Re4 25. Qb3 h5 26. Re1 Rxe1 27. Nxe1
Qe7 28. Nf3 g5 29. Qc4 Nd7 30. Re2 Qd8 31. cxb4 Kg7 32. bxc5 dxc5 33. d6 Qb8
34. Qd5 Kg6 35. Re7 Bxe7 36. dxe7 Qe8 37. Qxd7 1-0

[Event "4NCL Division Two"]
[Site "Warwick, ENG"]
[Date "2024.01.13"]
[EventDate "2024.01.13"]
[Round "3.62"]
[White "McGowan, Cameron"]
[WhiteTitle "IM"]
[WhiteElo "2173"]
[WhiteTeam "SchachAttack"]
[Black "Walker, Martin G"]
[BlackTitle "FM"]
[BlackElo "2233"]
[BlackTeam "Anglian Avengers"]
[Result "1/2-1/2"]

1. e4 Nf6 2. e5 Nd5 3. d4 d6 4. c4 Nb6 5. exd6 cxd6 6. Nc3 g6 7. Be3 Bg7 8. Rc1
O-O 9. b3 Nc6 10. d5 Ne5 11. Be2 f5 12. f4 Ng4 13. Bd4 e5 14. dxe6 Bxe6 15. Nf3
Qe7 16. Bxg7 Kxg7 17. Qd4+ Nf6 18. O-O Rfd8 19. Rfe1 Bg8 20. a4 Nbd7 21. Bd1
Qf8 22. a5 Nc5 23. b4 Ne6 24. Qd2 Rac8 25. Bb3 Nc7 26. Nd5 Ncxd5 27. cxd5 Rxc1
28. Qxc1 Rc8 29. Qb2 Re8 30. Rc1 Qe7 31. h3 Kh6 32. Re1 Qg7 33. Qf2 Rxe1+ 34.
Qxe1 Qc7 35. Ng5 Kg7 36. Kh2 h6 37. Qa1 hxg5 38. fxg5 Qe7 39. gxf6+ Qxf6 40.
Qa4 Qe5+ 41. Kh1 Qe1+ 42. Kh2 Qe5+ 43. Kh1 Bxd5 44. Qd7+ Kh6 45. Bxd5 Qe1+ 46.
Kh2 Qe5+ 47. Kh1 Qxd5 48. Qc7 Qd1+ 1/2-1/2

[Event "4NCL Division Two"]
[Site "Warwick, ENG"]
[Date "2024.01.13"]
[EventDate "2024.01.13"]
[Round "3.63"]
[White "Scott, Gordon W"]
[WhiteElo "2275"]
[WhiteTeam "Anglian Avengers"]
[Black "Alizada, Eldar"]
[BlackElo "2133"]
[BlackTeam "SchachAttack"]
[Result "1-0"]

1. d4 d5 2. c4 e6 3. Nc3 Nf6 4. cxd5 exd5 5. Bg5 Be7 6. e3 O-O 7. Bd3 h6 8. Bh4
c6 9. Qc2 Re8 10. Nge2 Ne4 11. Bxe7 Qxe7 12. O-O Bf5 13. Na4 Qg5 14. Rae1 Nd7
15. Nc1 Nd6 16. Bxf5 Qxf5 17. Qxf5 Nxf5 18. Nd3 Re7 19. Rb1 Nd6 20. Rfd1 Nc4
21. g4 Nf6 22. h3 Ne4 23. Kg2 g6 24. Rbc1 Kg7 25. b3 Ncd6 26. Ne5 f6 27. Nd3
Nb5 28. Re1 Rae8 29. Nab2 Nc7 30. Nf4 Ne6 31. Ne2 Nd6 32. Nd3 Nc7 33. Rh1 Ne4
34. Rce1 Nb5 35. Rc1 Nc7 36. h4 g5 37. Rh3 Rh8 38. Rch1 Ree8 39. f3 Nd6 40. Kf2
Ne6 41. Ng3 Rc8 42. Nc5 Rce8 43. hxg5 fxg5 44. Nd3 Nd8 45. Ne5 Re6 46. f4 gxf4
47. exf4 Rf8 48. f5 Nb5 49. Kg2 Rd6 50. Ng6 Re8 51. Rxh6 Nxd4 52. g5 Nf7 53.
Rh7+ Kg8 54. f6 Ne6 55. Ne7+ Kf8 56. Ng6+ Kg8 57. Rh8+ 1-0

[Event "4NCL Division Two"]
[Site "Warwick, ENG"]
[Date "2024.01.13"]
[EventDate "2024.01.13"]
[Round "3.64"]
[White "Hng, Mei-En Emmanuelle"]
[WhiteTitle "WFM"]
[WhiteElo "2146"]
[WhiteTeam "SchachAttack"]
[Black "Lewis, Andrew P"]
[BlackTitle "FM"]
[BlackElo "2253"]
[BlackTeam "Anglian Avengers"]
[Result "1/2-1/2"]

1. Nf3 Nf6 2. c4 g6 3. Nc3 Bg7 4. d4 O-O 5. e4 d6 6. Be2 e5 7. dxe5 dxe5 8. O-O
c6 9. Qc2 Re8 10. Rd1 Qe7 11. Be3 Na6 12. h3 Bf8 13. a3 Nc5 14. b4 Ne6 15. g3
h6 16. Bf1 Nh7 17. Bg2 Nhg5 18. Nxg5 hxg5 19. c5 Nd4 20. Qb2 g4 21. h4 Be6 22.
Ne2 Nf3+ 23. Kh1 a5 24. Ng1 Nd4 25. Ne2 Nb3 26. Rab1 a4 27. Qc2 Red8 28. Rxd8
Rxd8 29. Rd1 Bg7 30. Bf1 Nd4 31. Nxd4 exd4 32. Bg5 f6 33. Bf4 Qf7 34. Qxa4 f5
35. Qa5 Rd7 36. e5 Bb3 37. Rd2 Bc4 38. Qa8+ Kh7 39. Bxc4 Qxc4 40. Qe8 Qd5+ 41.
Kg1 Rd8 42. Qe7 Rd7 43. Qe8 Rd8 44. Qe7 Rd7 45. Qe8 Rd8 1/2-1/2

[Event "4NCL Division Two"]
[Site "Warwick, ENG"]
[Date "2024.01.13"]
[EventDate "2024.01.13"]
[Round "3.65"]
[White "Samarakoon, Vivash Ransara"]
[WhiteElo "2126"]
[WhiteTeam "Anglian Avengers"]
[Black "Waller, Dan"]
[BlackElo "2126"]
[BlackTeam "SchachAttack"]
[Result "1-0"]

1. e4 c5 2. Nf3 g6 3. d4 cxd4 4. Nxd4 Nc6 5. c4 Bg7 6. Be3 Nf6 7. Nc3 O-O 8.
Be2 d6 9. O-O Bd7 10. Rc1 Nxd4 11. Bxd4 Bc6 12. f3 a5 13. Qd2 Nd7 14. Rfd1 a4
15. Nd5 Nc5 16. Bxg7 Kxg7 17. Qd4+ f6 18. f4 e5 19. Qe3 Bxd5 20. Rxd5 Qb6 21.
f5 Qxb2 22. Rxd6 Rad8 23. Rcd1 Rxd6 24. Rxd6 Qb1+ 25. Bf1 Nxe4 26. Rb6 Qc2 27.
Rxb7+ Rf7 28. Rxf7+ Kxf7 29. fxg6+ hxg6 30. g3 f5 31. Qa7+ Kf6 32. Qb6+ Kg5 33.
Qe3+ Kf6 34. Qb6+ Kg7 35. Qa7+ Kh6 36. Qe3+ g5 37. Qb6+ Kh5 38. Qa7 Kg4 39. Qe3
f4 40. Be2+ Kf5 41. Qd3 Qc1+ 42. Kg2 g4 43. Qd7+ Kg6 44. Qe8+ Kf5 45. Bxg4+ Kf6
46. Qc6+ Kg5 47. h4+ Kxg4 48. Qg6+ 1-0

[Event "4NCL Division Two"]
[Site "Warwick, ENG"]
[Date "2024.01.13"]
[EventDate "2024.01.13"]
[Round "3.66"]
[White "Wilks, Simon"]
[WhiteElo "2065"]
[WhiteTeam "SchachAttack"]
[Black "Talsma, Paul"]
[BlackElo "2171"]
[BlackTeam "Anglian Avengers"]
[Result "1/2-1/2"]

1. e4 e5 2. Nf3 Nf6 3. d4 Nxe4 4. Bd3 d5 5. Nxe5 Nd7 6. Nxd7 Bxd7 7. O-O Bd6 8.
Nc3 Nxc3 9. bxc3 O-O 10. Rb1 b6 11. Qf3 c6 12. Be3 b5 13. Bf4 Qf6 14. Bxd6 Qxd6
15. Qg3 Qxg3 16. hxg3 Rfe8 17. Rfe1 h6 18. Kf1 Kf8 19. Ra1 Rxe1+ 20. Kxe1 a5
21. Kd2 Ke7 22. a3 Kd6 23. Rb1 Re8 24. Ra1 Ra8 25. Re1 Re8 26. Ra1 Ra8 1/2-1/2

[Event "4NCL Division Two"]
[Site "Warwick, ENG"]
[Date "2024.01.13"]
[EventDate "2024.01.13"]
[Round "3.67"]
[White "Stork, Christopher"]
[WhiteElo "2024"]
[WhiteTeam "Anglian Avengers"]
[Black "Handley, Michael R"]
[BlackElo "2082"]
[BlackTeam "SchachAttack"]
[Result "1/2-1/2"]

1. Nf3 d5 2. d4 Nf6 3. c4 c6 4. cxd5 cxd5 5. Nc3 Nc6 6. Bf4 a6 7. e3 Bf5 8. Bd3
Bxd3 9. Qxd3 e6 10. O-O Be7 11. h3 O-O 12. Rfc1 Rc8 13. Nd2 b5 14. Nb3 Qb6 15.
a4 b4 16. a5 Qb7 17. Na4 Nd7 18. Bg3 Na7 19. Qf1 Rxc1 20. Rxc1 Rc8 21. Rxc8+
Nxc8 22. Qc1 Na7 23. Qc7 Qxc7 24. Bxc7 Kf8 25. Kf1 Ke8 26. Ke2 Nc6 27. Kd3 Bd8
28. Bxd8 Kxd8 29. Nac5 Ndb8 30. f4 Kc7 31. g4 Nd8 32. f5 exf5 33. gxf5 Nb7 34.
Nxb7 Kxb7 35. e4 dxe4+ 36. Kxe4 Kc6 37. Nc5 Kd6 38. Nb7+ Kc7 39. Nc5 Kd6 40.
Nb7+ 1/2-1/2

[Event "4NCL Division Two"]
[Site "Warwick, ENG"]
[Date "2024.01.13"]
[EventDate "2024.01.13"]
[Round "3.68"]
[White "Moyse, Nigel John"]
[WhiteElo "1985"]
[WhiteTeam "SchachAttack"]
[Black "Walker, Heather Enid"]
[BlackElo "1198"]
[BlackTeam "Anglian Avengers"]
[Result "1-0"]

1. d4 Nf6 2. c4 g6 3. Nc3 d5 4. cxd5 Nxd5 5. Bd2 Bg7 6. e4 Nxc3 7. Bxc3 Nc6 8.
d5 Bxc3+ 9. bxc3 Ne5 10. Qd4 f6 11. f4 Nf7 12. Bc4 O-O 13. Nf3 Nd6 14. Bb3 Kg7
15. O-O Bd7 16. c4 b6 17. Bc2 c5 18. dxc6 Bxc6 19. Rae1 Rc8 20. Bd3 Qc7 21. Ng5
Bd7 22. e5 Qc5 23. exf6+ Kg8 24. Qxc5 Rxc5 25. Rxe7 Bf5 26. Rg7+ Kh8 27. Rxh7+
Kg8 28. Bxf5 Rxf5 29. Rf3 Nf7 30. Rg7+ Kh8 31. Rh3+ 1-0

[Event "4NCL Division Two"]
[Site "Warwick, ENG"]
[Date "2024.01.14"]
[EventDate "2024.01.14"]
[Round "4.11"]
[White "Merry, Alan B"]
[WhiteTitle "IM"]
[WhiteElo "2437"]
[WhiteTeam "Barbican 4NCL"]
[Black "Wall, Gavin"]
[BlackTitle "IM"]
[BlackElo "2282"]
[BlackTeam "Gonzaga"]
[Result "1-0"]

1. d4 f5 2. c4 Nf6 3. Nc3 d6 4. g3 g6 5. Bg2 Bg7 6. Nh3 O-O 7. d5 Nbd7 8. Qc2
e5 9. dxe6 Nc5 10. O-O Bxe6 11. b3 h6 12. Nf4 Bf7 13. Bb2 c6 14. Rad1 Qe7 15.
e3 g5 16. Nfe2 Bg6 17. b4 Nce4 18. b5 Nd7 19. Nd4 Ne5 20. bxc6 bxc6 21. Ba1
Rac8 22. Nxf5 Bxf5 23. Nxe4 Qe6 24. Qb3 Rcd8 25. Nd2 Bh3 26. Bxe5 dxe5 27. Bxh3
Qxh3 28. Ne4 Rxd1 29. Qxd1 Qf5 30. Nd6 Qe6 31. Qd2 h5 32. c5 h4 33. Qc2 h3 34.
Rb1 Kh8 35. Qc4 Qf6 36. Rf1 Qf3 37. Qe4 Qe2 38. Qxc6 Qxa2 39. Qd7 Qd5 40. e4
Qxc5 41. Qxh3+ Kg8 42. Qe6+ Kh7 43. Nf7 1-0

[Event "4NCL Division Two"]
[Site "Warwick, ENG"]
[Date "2024.01.14"]
[EventDate "2024.01.14"]
[Round "4.12"]
[White "Menzies, Colin"]
[WhiteTitle "FM"]
[WhiteElo "2187"]
[WhiteTeam "Gonzaga"]
[Black "Taylor, Martin R"]
[BlackTitle "FM"]
[BlackElo "2353"]
[BlackTeam "Barbican 4NCL"]
[Result "1/2-1/2"]

1. Nf3 f5 2. c4 Nf6 3. g3 g6 4. Bg2 Bg7 5. O-O O-O 6. Nc3 d6 7. d4 c6 8. b3 Na6
9. Bb2 Qc7 10. d5 e5 11. dxe6 Bxe6 12. Qd2 Rad8 13. Rfd1 Rfe8 14. Nd4 Bf7 15.
Rac1 d5 16. cxd5 Nxd5 17. Nxd5 Bxd5 18. Bxd5+ Rxd5 19. b4 Red8 20. e3 Qd6 21.
a3 Nc7 22. Qc2 Nb5 23. Qb3 Kf8 24. Rc4 Qe7 25. a4 Nxd4 26. Bxd4 Bxd4 27. Rcxd4
Rxd4 28. exd4 a6 29. Qc4 1/2-1/2

[Event "4NCL Division Two"]
[Site "Warwick, ENG"]
[Date "2024.01.14"]
[EventDate "2024.01.14"]
[Round "4.13"]
[White "Pigott, John C"]
[WhiteTitle "IM"]
[WhiteElo "2314"]
[WhiteTeam "Barbican 4NCL"]
[Black "Thorarinsson, Pall A."]
[BlackTitle "FM"]
[BlackElo "2183"]
[BlackTeam "Gonzaga"]
[Result "1-0"]

1. e4 d6 2. d4 Nf6 3. Nc3 g6 4. Nf3 Bg7 5. Be2 O-O 6. O-O c5 7. d5 Na6 8. Bg5
Nc7 9. a4 b6 10. Re1 a6 11. Bc4 Bg4 12. h3 Bxf3 13. Qxf3 Nd7 14. Bf1 Rb8 15.
Rab1 b5 16. axb5 Nxb5 17. Na4 Nb6 18. Nxb6 Rxb6 19. c3 Qd7 20. Ra1 Nc7 21. Ra2
Rfb8 22. Qe2 h6 23. Bc1 Kh7 24. Qc2 Kg8 25. Bc4 Ra8 26. Qd3 Qc8 27. f4 Ne8 28.
Qg3 Qc7 29. e5 Kh7 30. h4 dxe5 31. fxe5 Nf6 32. Qf3 Nd7 33. d6 Qc8 34. Qxf7
exd6 35. Be6 Ra7 36. h5 gxh5 37. Bf5+ Kh8 38. exd6 Nf6 39. Qxa7 Qxf5 40. Qxb6
Ng4 41. Qd8+ Kh7 42. Rf1 Qd5 43. Ra1 1-0

[Event "4NCL Division Two"]
[Site "Warwick, ENG"]
[Date "2024.01.14"]
[EventDate "2024.01.14"]
[Round "4.14"]
[White "Bourached, Anthony"]
[WhiteElo "2163"]
[WhiteTeam "Gonzaga"]
[Black "Pert, Max"]
[BlackElo "2182"]
[BlackTeam "Barbican 4NCL"]
[Result "1/2-1/2"]

1. e4 g6 2. d4 Bg7 3. Nf3 c6 4. Bd3 d5 5. Nbd2 dxe4 6. Nxe4 Nf6 7. c3 O-O 8.
O-O Qc7 9. Be3 Nd5 10. Bc4 Nd7 11. Qb3 N7b6 12. Bg5 Nxc4 13. Qxc4 Nf4 14. Rfe1
Be6 15. Qa4 Nd3 16. Re2 Bd5 17. c4 Nxb2 18. Rxb2 Bxe4 19. Rd1 Bxf3 20. gxf3
Rfd8 21. Be3 Qc8 22. Qb4 c5 23. Qxb7 cxd4 24. Bg5 f6 25. Bd2 e5 26. Rdb1 Qd7
27. Ba5 Qxb7 28. Rxb7 Rdc8 29. Bc7 a5 30. R1b6 a4 31. Rd6 a3 32. Rd7 Bf8 33.
Kf1 Ra4 34. Bd6 Bxd6 35. Rxd6 Raxc4 36. Rdd7 Rc1+ 37. Kg2 R1c2 38. Rg7+ Kf8 39.
Rbf7+ Ke8 40. Re7+ Kf8 41. Ref7+ Ke8 42. Re7+ Kf8 43. Ref7+ 1/2-1/2

[Event "4NCL Division Two"]
[Site "Warwick, ENG"]
[Date "2024.01.14"]
[EventDate "2024.01.14"]
[Round "4.15"]
[White "Sowray, Peter J"]
[WhiteTitle "FM"]
[WhiteElo "2169"]
[WhiteTeam "Barbican 4NCL"]
[Black "O'Gorman, Alice"]
[BlackElo "2041"]
[BlackTeam "Gonzaga"]
[Result "1-0"]

1. d4 d5 2. c4 e6 3. Nc3 Nf6 4. cxd5 exd5 5. Bg5 Be7 6. e3 c6 7. Bd3 Nbd7 8.
Qc2 Nh5 9. Bxe7 Qxe7 10. O-O-O Nb6 11. Nf3 Be6 12. Kb1 O-O-O 13. Rc1 Kb8 14.
Na4 Nxa4 15. Qxa4 g6 16. Rc3 Rc8 17. Rhc1 Bf5 18. Bxf5 gxf5 19. Ne5 f6 20. Nd3
Rc7 21. Nc5 Ng7 22. Ra3 a6 23. Nxa6+ bxa6 24. Qxa6 Ra7 25. Rb3+ Ka8 26. Qxc6+
Rb7 27. Rc5 Qd7 28. Ra5+ Kb8 29. Rxb7+ Qxb7 30. Rb5 1-0

[Event "4NCL Division Two"]
[Site "Warwick, ENG"]
[Date "2024.01.14"]
[EventDate "2024.01.14"]
[Round "4.16"]
[White "Freeman, Gordon"]
[WhiteTitle "FM"]
[WhiteElo "2090"]
[WhiteTeam "Gonzaga"]
[Black "Navarro Cia, Miguel"]
[BlackTitle "FM"]
[BlackElo "2239"]
[BlackTeam "Barbican 4NCL"]
[Result "1/2-1/2"]

1. d4 f5 2. Nf3 Nf6 3. g3 g6 4. Bg2 Bg7 5. O-O O-O 6. b3 b6 7. Bb2 Bb7 8. c4 e6
9. Nc3 Qe7 10. Qc2 d6 11. Rad1 Nbd7 12. d5 e5 13. Ng5 Nc5 14. b4 h6 15. Nh3
Ncd7 16. f4 Ng4 17. Qc1 e4 18. Nf2 Nxf2 19. Rxf2 Nf6 20. e3 a6 21. Rc2 Bc8 22.
Ne2 Bd7 23. Re1 Ba4 24. Rd2 Bd7 25. Nd4 Qf7 26. Bf1 Kh7 27. c5 b5 28. cxd6 cxd6
29. Ne6 Bxe6 30. dxe6 Qxe6 31. Qc7 Ne8 32. Qb7 Qc8 33. Qe7 Qd8 34. Qb7 Kg8 35.
Bxg7 Rf7 36. Qc6 Kxg7 37. Red1 Qc8 38. Qb6 Rb8 39. Qd4+ Kh7 40. g4 Qc6 41. gxf5
gxf5 42. Bh3 Rc8 43. Rg2 Rcc7 44. Kh1 Qc4 45. Qb6 Qxb4 46. Qb8 Rce7 47. Rdg1
Qc5 48. Rg8 Rg7 49. R8xg7+ Rxg7 50. Qxe8 Rxg1+ 51. Kxg1 Qxe3+ 52. Kg2 1/2-1/2

[Event "4NCL Division Two"]
[Site "Warwick, ENG"]
[Date "2024.01.14"]
[EventDate "2024.01.14"]
[Round "4.17"]
[White "Stock, Tobias W"]
[WhiteElo "1991"]
[WhiteTeam "Barbican 4NCL"]
[Black "Putar, Lara"]
[BlackElo "1866"]
[BlackTeam "Gonzaga"]
[Result "1/2-1/2"]

1. Nf3 Nf6 2. c4 c5 3. Nc3 Nc6 4. e3 d6 5. d4 cxd4 6. exd4 g6 7. Be2 Bg7 8. O-O
O-O 9. d5 Nb8 10. Nd4 Nbd7 11. Be3 a5 12. Qd2 Nc5 13. f3 Bd7 14. b3 Qc7 15.
Rac1 Rfc8 16. Rfe1 Be8 17. Bf1 Nfd7 18. Ndb5 Qd8 19. Bd4 Nf6 20. Qb2 Bxb5 21.
Nxb5 Nh5 22. Rcd1 Bxd4+ 23. Nxd4 Qd7 24. Re3 Re8 25. Qf2 Nf6 26. Kh1 1/2-1/2

[Event "4NCL Division Two"]
[Site "Warwick, ENG"]
[Date "2024.01.14"]
[EventDate "2024.01.14"]
[Round "4.18"]
[White "O'Connor, Eddie"]
[WhiteElo "1930"]
[WhiteTeam "Gonzaga"]
[Black "Regan, Natasha K"]
[BlackTitle "WIM"]
[BlackElo "1978"]
[BlackTeam "Barbican 4NCL"]
[Result "1/2-1/2"]

1. e4 Nf6 2. e5 Nd5 3. Nc3 Nxc3 4. dxc3 d6 5. Bc4 e6 6. Nf3 Nd7 7. Bf4 dxe5 8.
Bxe5 Nxe5 9. Qxd8+ Kxd8 10. Nxe5 Ke8 11. Bb5+ Ke7 12. O-O-O c6 13. Be2 h5 14.
f4 g6 15. h4 Bh6 16. g3 Rg8 17. Rhe1 f6 18. Nd3 b6 19. Bf3 Bd7 20. Kb1 a5 21.
a4 Ra7 22. c4 c5 23. b3 Bc8 24. Re2 Rd7 25. Rde1 Rd6 26. Nf2 Rgd8 27. Re3
1/2-1/2